00153 a2200073 450000100060000010000210000624500230002726000290005039950 aRaychoudhry, S C aHistory of Mughals aDehlbSurjeet Publishec